[Event "Elit(Rockaden,Sthlm-Rockaden,Umea)"]
[Site "?"]
[Date "2013.02.02"]
[Round "5"]
[White "Isaksson, Henrik"]
[Black "Karlsson, Lars"]
[Result "0-1"]
[WhiteElo "2133"]
[BlackElo "2459"]
[PlyCount "80"]

1. c4 e5 2. g3 Nc6 3. Bg2 g6 4. Nc3 Bg7 5. d3 d6 6. e3 f5 7. Nge2 h5 8. d4 h4
9. d5 Nce7 10. e4 Nf6 11. Qd3 Neg8 12. Bg5 h3 13. Bf3 Nh6 14. c5 Nf7 15. Be3 f4
16. gxf4 exf4 17. Bxf4 Nd7 18. cxd6 Nde5 19. Qe3 cxd6 20. Rg1 Qb6 21. Bh1 Qxb2
22. Rb1 Qc2 23. Rd1 Nc4 24. Qd3 Qxd3 25. Rxd3 Bd7 26. Rd1 Rg8 27. Rb1 g5 28.
Bd2 O-O-O 29. Ng3 Kb8 30. Rb3 g4 31. Ke2 Nxd2 32. Kxd2 Ne5 33. Rgb1 b6 34. Ke2
Rgf8 35. Nf1 Rc8 36. Ne3 Nc4 37. Nxc4 Rxc4 38. Kd3 Rxc3+ 39. Rxc3 Bxc3 40. Kxc3
Rxf2 0-1

[Event "Elit(Rockaden,Sthlm-Rockaden,Umea)"]
[Site "?"]
[Date "2013.02.02"]
[Round "5"]
[White "Bator, Robert"]
[Black "Hammar, Ulf"]
[Result "1-0"]
[WhiteElo "2468"]
[BlackElo "2222"]
[PlyCount "63"]

1. d4 d5 2. Nf3 c6 3. c4 Nf6 4. Nc3 dxc4 5. a4 Bf5 6. Nh4 e6 7. Nxf5 exf5 8. e3
Bb4 9. Bxc4 O-O 10. O-O Nbd7 11. g3 Nb6 12. Bd3 Qd7 13. Qc2 g6 14. a5 Nbd5 15.
Bd2 Rfe8 16. Rfc1 Rac8 17. Bf1 Bf8 18. Qb3 Ne4 19. Be1 Ndf6 20. Rc2 g5 21. a6
b6 22. Nxe4 fxe4 23. Rac1 Nd5 24. Bc4 Rcd8 25. Bxd5 cxd5 26. Rc7 Qh3 27. Qb5
Re6 28. Qf1 Qh5 29. Rxa7 Rh6 30. h3 b5 31. Ra1 Rdd6 32. Ra8 1-0

[Event "Elit(Rockaden,Sthlm-Rockaden,Umea)"]
[Site "?"]
[Date "2013.02.02"]
[Round "5"]
[White "Nygren, David"]
[Black "Hedman, Erik"]
[Result "1/2-1/2"]
[WhiteElo "2229"]
[BlackElo "2425"]
[PlyCount "90"]

1. d4 Nf6 2. Nf3 c5 3. e3 g6 4. Be2 Bg7 5. O-O O-O 6. Nbd2 d6 7. c3 Nc6 8. Re1
e5 9. dxc5 dxc5 10. e4 Qe7 11. Qc2 Nh5 12. Bf1 Nf4 13. h3 Rd8 14. Kh2 Qf6 15.
g3 Ne6 16. Bg2 b6 17. Nc4 Ba6 18. Qa4 Bxc4 19. Qxc4 Rd6 20. Be3 Rad8 21. Qe2
Qe7 22. Red1 Na5 23. Rxd6 Qxd6 24. Nd2 Nf4 25. gxf4 exf4 26. e5 Bxe5 27. Nf3
fxe3+ 28. Kh1 Bf4 29. fxe3 Re8 30. e4 Qe6 31. e5 Nc4 32. Qe4 Bh6 33. Qh4 Kg7
34. Re1 Nxb2 35. Nh2 Bd2 36. Re2 Bxc3 37. Ng4 h5 38. Nf6 Re7 39. Nd5 Rd7 40.
Nxc3 Nd1 41. Nxd1 Rxd1+ 42. Kh2 Qf5 43. Qg3 Rd3 44. Qe1 Qf4+ 45. Kh1 Qd4
1/2-1/2

[Event "Elit(Rockaden,Sthlm-Rockaden,Umea)"]
[Site "?"]
[Date "2013.02.02"]
[Round "5"]
[White "Olund, Joar"]
[Black "Eriksson, Simon"]
[Result "1-0"]
[WhiteElo "2295"]
[BlackElo "2029"]
[PlyCount "28"]

1. d4 e6 2. c4 b6 3. Nf3 Bb7 4. a3 f5 5. g3 Nf6 6. Bg2 Be7 7. Nc3 O-O 8. O-O
Qe8 9. d5 Na6 10. Nd2 Qh5 11. d6 Bxg2 12. dxe7 Qh3 13. exf8=Q+ Rxf8 14. f3 Nb8
1-0

[Event "Elit(Team Viking-Burgsvik)"]
[Site "?"]
[Date "2013.02.02"]
[Round "5"]
[White "Fries Nielsen, Jens Ove"]
[Black "Berczes, David"]
[Result "0-1"]
[WhiteElo "2454"]
[BlackElo "2592"]
[PlyCount "70"]

1. d4 d5 2. Bf4 Nf6 3. Nc3 e6 4. a3 c5 5. e3 a6 6. Nf3 b6 7. Ne5 Bb7 8. g4 Nfd7
9. Bg2 Nxe5 10. dxe5 Nc6 11. O-O Qc7 12. e4 d4 13. Nd5 exd5 14. exd5 Na5 15.
Rb1 Qd7 16. b4 Nc4 17. e6 fxe6 18. dxe6 Qc8 19. Bxb7 Qxb7 20. Re1 Qd5 21. bxc5
Bxc5 22. e7 Ra7 23. Bg3 Bxe7 24. Qd3 O-O 25. a4 b5 26. axb5 axb5 27. Qb3 Bd6
28. Qxb5 Qxb5 29. Rxb5 Bxg3 30. hxg3 Rc7 31. Rd1 Na3 32. Rb3 Nxc2 33. Rbd3 Rfc8
34. Kg2 Rc3 35. R3d2 d3 0-1

[Event "Elit(Team Viking-Burgsvik)"]
[Site "?"]
[Date "2013.02.02"]
[Round "5"]
[White "Agrest, Evgenij"]
[Black "Andersson, Tommy"]
[Result "1-0"]
[WhiteElo "2690"]
[BlackElo "2385"]
[PlyCount "79"]

1. Nf3 Nf6 2. c4 g6 3. Nc3 d5 4. cxd5 Nxd5 5. g3 Bg7 6. Bg2 O-O 7. h4 h6 8. O-O
c5 9. d3 Be6 10. Na4 Na6 11. Bd2 b5 12. Nc3 b4 13. Nxd5 Bxd5 14. Qc1 Kh7 15.
Be3 Rc8 16. Nd2 e6 17. Qc2 Qd7 18. Rac1 Rfd8 19. Rfd1 Qb7 20. Bf3 Qb5 21. h5
Qb7 22. hxg6+ fxg6 23. Be4 Qb5 24. Kg2 b3 25. axb3 Nb4 26. Qb1 Bxe4+ 27. Nxe4
Nd5 28. Qc2 Nxe3+ 29. fxe3 Rb8 30. Nd2 Rd5 31. Rf1 Rb7 32. Rf4 Re5 33. e4 g5
34. Rf2 c4 35. d4 cxb3 36. Qc3 Rd7 37. dxe5 Bxe5 38. Qxb3 Qa6 39. Nf3 Rb7 40.
Qd3 1-0

[Event "Elit(Team Viking-Burgsvik)"]
[Site "?"]
[Date "2013.02.02"]
[Round "5"]
[White "Fries Nielsen, Niels J"]
[Black "Berg, Emanuel"]
[Result "0-1"]
[WhiteElo "2398"]
[BlackElo "2611"]
[PlyCount "76"]
[EventDate "2013.??.??"]

1. Nf3 f5 2. d3 Nc6 3. Bg5 h6 4. Bd2 e5 5. e4 d6 6. Nc3 Rh7 7. b4 g5 8. b5 Nce7
9. g3 Nf6 10. Bg2 fxe4 11. dxe4 Be6 12. h3 Qd7 13. Be3 Rf7 14. Qe2 Ng6 15. h4
g4 16. Nd2 Nh5 17. Nb3 Nhf4 18. gxf4 exf4 19. O-O-O fxe3 20. Qxe3 Ne5 21. Nd4
a6 22. Bf1 axb5 23. Bxb5 c6 24. Ba4 Bxa2 25. Nf5 b5 26. Bb3 Bxb3 27. cxb3 Qe6
28. Kb2 Rfa7 29. Nd4 Nc4+ 30. bxc4 Qxc4 31. Ra1 Qb4+ 32. Kc2 Rxa1 33. Rxa1 Rxa1
34. e5 Qc4 35. exd6+ Kd7 36. Qe4 Kxd6 37. Qxg4 Kc7 38. Ndxb5+ cxb5 0-1

[Event "Elit(Team Viking-Burgsvik)"]
[Site "?"]
[Date "2013.02.02"]
[Round "5"]
[White "Westerberg, Jonathan"]
[Black "Larsson, Victor"]
[Result "1-0"]
[WhiteElo "2424"]
[BlackElo "2239"]
[PlyCount "91"]
[EventDate "2013.??.??"]

1. e4 c5 2. Nc3 Nc6 3. f4 g6 4. Nf3 Bg7 5. Bc4 d6 6. O-O e6 7. d3 Nge7 8. Qe1
O-O 9. f5 d5 10. Bb3 c4 11. dxc4 dxe4 12. f6 Bxf6 13. Nxe4 Bg7 14. c5 b6 15.
cxb6 axb6 16. Bg5 h6 17. Qh4 Ra5 18. g4 Rxg5 19. Nexg5 Ne5 20. Rad1 Qc7 21. Ne4
Bb7 22. Nxe5 Qxe5 23. Nd6 g5 24. Qg3 Qxg3+ 25. hxg3 Bd5 26. c3 Be5 27. Nc4 Bxg3
28. Nxb6 Bxb3 29. axb3 Rb8 30. Nd7 Ra8 31. Nf6+ Kf8 32. b4 Bf4 33. b5 Ng6 34.
Rfe1 Nh4 35. Rd3 Ra2 36. Rb1 Ke7 37. Nd7 Bd6 38. c4 Ra4 39. Rbd1 Bf4 40. Nb6
Ra2 41. Rb3 Be5 42. Nc8+ Kf6 43. b6 Bxb2 44. b7 Be5 45. Nd6 Bc3 46. Rxc3 1-0

[Event "Elit(Team Viking-Burgsvik)"]
[Site "?"]
[Date "2013.02.02"]
[Round "5"]
[White "Krupenski, Juri"]
[Black "Lindberg, Bo"]
[Result "0-1"]
[WhiteElo "2317"]
[BlackElo "2466"]
[PlyCount "49"]
[EventDate "2013.??.??"]

1. d4 Nf6 2. c4 g6 3. Nc3 d5 4. cxd5 Nxd5 5. g3 Bg7 6. Bg2 Nxc3 7. bxc3 c5 8.
e3 O-O 9. Ne2 Nd7 10. O-O Rb8 11. a4 b6 12. e4 Ba6 13. Bg5 cxd4 14. cxd4 Ne5
15. Ra2 Nc6 16. Be3 Nxd4 17. Nxd4 Bxf1 18. Bxf1 e5 19. Rd2 exd4 20. Rxd4 Bxd4
21. Bxd4 Rc8 22. Qa1 Rc1 23. Qb2 Rb1 24. Qc3 Qc8 25. Qd3 0-1

[Event "Elit(Team Viking-Burgsvik)"]
[Site "?"]
[Date "2013.02.02"]
[Round "5"]
[White "Cramling, Dan"]
[Black "Andersson, Bjorn"]
[Result "1/2-1/2"]
[WhiteElo "2392"]
[BlackElo "2295"]
[PlyCount "63"]
[EventDate "2013.??.??"]

1. Nf3 c5 2. c4 Nc6 3. d4 cxd4 4. Nxd4 g6 5. e4 Bg7 6. Be3 d6 7. Nc3 Nf6 8. Be2
O-O 9. O-O Bd7 10. Qd2 Qa5 11. Nb3 Qc7 12. Rac1 Rfc8 13. Rfd1 b6 14. Bg5 Qd8
15. f4 Be6 16. Qe3 Qf8 17. Nb5 h5 18. N5d4 Bg4 19. Bf3 Nh7 20. Bxg4 hxg4 21.
Bh4 e5 22. Nb5 exf4 23. Qe2 f3 24. gxf3 gxf3 25. Qxf3 Be5 26. Bg3 Rd8 27. Rc2
Ng5 28. Qg4 Qh6 29. h4 Ne6 30. Rcd2 Qf8 31. Nxd6 Qg7 32. h5 1/2-1/2

[Event "Elit(Team Viking-Burgsvik)"]
[Site "?"]
[Date "2013.02.02"]
[Round "5"]
[White "Fraenkel, Mikael"]
[Black "Pettersson, Anders"]
[Result "0-1"]
[WhiteElo "2040"]
[BlackElo "2306"]
[PlyCount "82"]
[EventDate "2013.??.??"]

1. e4 c5 2. Nf3 g6 3. Nc3 Bg7 4. d4 cxd4 5. Nxd4 Nc6 6. Be3 Nf6 7. Bc4 O-O 8.
Bb3 a5 9. a4 Ng4 10. Qxg4 Nxd4 11. Qd1 Nxb3 12. cxb3 Ra6 13. O-O f5 14. exf5
gxf5 15. f4 Rd6 16. Qf3 Rc6 17. Rad1 d6 18. Rfe1 Be6 19. Nd5 Bf7 20. Bf2 e6 21.
Nc3 Qe8 22. Rd2 Kh8 23. Nb5 d5 24. Nd4 Rc8 25. Nxf5 exf5 26. Rxe8 Rfxe8 27. h3
Re4 28. g3 d4 29. Qd1 Rd8 30. Qc2 Ree8 31. Qc7 Bxb3 32. Qxa5 d3 33. Qxf5 Bc4
34. b3 Ba6 35. b4 Bc4 36. Rd1 Kg8 37. Bb6 Rd5 38. Qg4 d2 39. f5 Be2 40. Qf4
Bxd1 41. f6 Bh5 0-1

[Event "Elit(Vasteras-Eksjo)"]
[Site "?"]
[Date "2013.02.02"]
[Round "5"]
[White "Bejtovic, Jasmin"]
[Black "Sjodahl, Pontus"]
[Result "0-1"]
[WhiteElo "2469"]
[BlackElo "2474"]
[PlyCount "126"]
[SourceDate "2013.02.08"]

1. e4 e6 2. d4 d5 3. Nc3 Bb4 4. e5 c5 5. a3 Bxc3+ 6. bxc3 Ne7 7. Nf3 b6 8. Bb5+
Bd7 9. Bd3 Ba4 10. h4 Qc7 11. O-O Nd7 12. h5 c4 13. Be2 f6 14. h6 gxh6 15. Bxh6
Rg8 16. exf6 Nxf6 17. Ne5 Ng6 18. Ng4 Nd7 19. Ne3 O-O-O 20. Bg4 Rde8 21. Qf3
Qd6 22. Rfe1 Bc6 23. Qh3 Kb7 24. Rad1 a5 25. g3 Ngf8 26. a4 Qa3 27. Bh5 Ng6 28.
Ng2 Nf6 29. Bxg6 hxg6 30. Bg5 Ne4 31. Qh7+ Ka6 32. Rb1 Rc8 33. Bf4 Nxc3 34. Re3
Nxb1 35. Rxa3 Nxa3 36. Ne3 Bxa4 37. Qe7 Nxc2 38. Nxc2 Bxc2 39. Bc7 Be4 40. Qd6
Rxc7 41. Qxc7 Rh8 42. f3 Bxf3 43. Kf2 Be4 44. Ke3 g5 45. Qc6 Rf8 46. Ke2 g4 47.
Ke1 Bd3 48. Kd2 Rf2+ 49. Kd1 Rf8 50. Kd2 Bf5 51. Kc3 Be4 52. Kb2 Rf2+ 53. Ka3
Rf3+ 54. Kb2 Rb3+ 55. Ka2 Bf5 56. Qd7 Rd3 57. Qc8+ Kb5 58. Qd7+ Kb4 59. Qd6+
Ka4 60. Kb1 b5 61. Kc1 Rf3 62. Kd1 Bd3 63. Qc6 c3 0-1

[Event "Elit(Vasteras-Eksjo)"]
[Site "?"]
[Date "2013.02.02"]
[Round "5"]
[White "Akesson, Ralf"]
[Black "Malesevic, Nedeljko"]
[Result "1-0"]
[WhiteElo "2490"]
[BlackElo "2341"]
[PlyCount "129"]

1. d4 d5 2. c4 e6 3. Nc3 Nf6 4. cxd5 exd5 5. Bg5 c6 6. e3 Be7 7. Qc2 O-O 8. Bd3
Nbd7 9. Nge2 Re8 10. O-O Nf8 11. f3 h6 12. Bh4 Be6 13. Rad1 Qa5 14. a3 c5 15.
dxc5 Qxc5 16. Bf2 Qa5 17. b4 Qc7 18. Qd2 a6 19. Nf4 Bd6 20. Rc1 Qd7 21. Rfd1
Be5 22. Bb1 Red8 23. Nce2 Rac8 24. Bg3 Bb8 25. Nd4 Rxc1 26. Qxc1 Rc8 27. Qb2
Ba7 28. Ba2 Qa4 29. Bb3 Bxd4 30. Rxd4 Qc6 31. Ne2 N8d7 32. Bh4 Qb5 33. Rd1 a5
34. Nd4 Qb6 35. bxa5 Qxa5 36. e4 Ra8 37. a4 Rc8 38. Nxe6 fxe6 39. exd5 exd5 40.
h3 Kh8 41. Kh1 Qb4 42. Be1 Qc5 43. Bf2 Qb4 44. Qa2 Nc5 45. Bc2 Qf4 46. Kg1 Ne6
47. Qb1 Qg5 48. h4 Qf4 49. Bf5 Re8 50. Bg6 Ra8 51. Re1 Nf8 52. Qxb7 Qxa4 53.
Bc2 Qa6 54. Qf7 Qd6 55. g3 N8d7 56. Re7 Rg8 57. Kg2 Ne5 58. Qe6 Qxe6 59. Rxe6
Re8 60. Ra6 Rc8 61. Bf5 Rd8 62. Bd4 Nc4 63. Rxf6 gxf6 64. Bxf6+ Kg8 65. Be6+
1-0

[Event "Elit(Vasteras-Eksjo)"]
[Site "?"]
[Date "2013.02.02"]
[Round "5"]
[White "Norberg, Johan"]
[Black "Ornstein, Axel"]
[Result "1-0"]
[WhiteElo "2336"]
[BlackElo "2329"]
[PlyCount "65"]

1. e4 e5 2. Nf3 Nc6 3. Nc3 d6 4. d4 Bg4 5. d5 Nd4 6. Be3 Nxf3+ 7. gxf3 Bd7 8.
f4 exf4 9. Bxf4 g5 10. Be3 Bg7 11. Qd2 h6 12. O-O-O Nf6 13. Bd4 Qe7 14. Re1 Nh5
15. Bxg7 Nxg7 16. h4 g4 17. Bb5 Bxb5 18. Nxb5 a6 19. e5 dxe5 20. Rxe5 Qxe5 21.
Re1 Qxe1+ 22. Qxe1+ Kd7 23. Nxc7 Rag8 24. Qe5 f6 25. Qc3 h5 26. b4 Rc8 27. Qxf6
Kxc7 28. Qe5+ Kb6 29. Qxg7 Rhd8 30. Qd4+ Kb5 31. Kb2 Rc4 32. a4+ Kxb4 33. c3+
1-0

[Event "Elit(Vasteras-Eksjo)"]
[Site "?"]
[Date "2013.02.02"]
[Round "5"]
[White "Krantz, Christopher"]
[Black "Brustkern, Jurgen"]
[Result "1-0"]
[WhiteElo "2334"]
[BlackElo "2270"]
[PlyCount "75"]

1. d4 d5 2. c4 e5 3. dxe5 d4 4. Nf3 Nc6 5. a3 Nge7 6. b4 Ng6 7. Bb2 a5 8. b5
Ncxe5 9. Nxe5 Nxe5 10. e3 Be6 11. Bxd4 Nxc4 12. Qc2 Qd5 13. Nc3 Qg5 14. f4 Qe7
15. Nd5 Bxd5 16. Bxc4 Qe4 17. Qxe4+ Bxe4 18. Kf2 Bd6 19. Rhd1 Ke7 20. Bd3 Bxd3
21. Rxd3 f6 22. a4 Rhd8 23. Kf3 Rd7 24. Rc3 b6 25. Rac1 Re8 26. Rc4 Kd8 27.
R1c2 Rde7 28. g3 Kd7 29. Rd2 Ke6 30. Rc6 Kf7 31. Rxd6 cxd6 32. Rc2 Rb7 33. Rc6
Ke7 34. Bxb6 Ra8 35. Ke4 Rd7 36. Kd5 Kf7 37. Bc7 Re8 38. b6 1-0

[Event "Elit(Vasteras-Eksjo)"]
[Site "?"]
[Date "2013.02.02"]
[Round "5"]
[White "Nilsson, Andre"]
[Black "Akvist, Hakan"]
[Result "1-0"]
[WhiteElo "2300"]
[BlackElo "2125"]
[PlyCount "81"]

1. g3 e5 2. Bg2 d5 3. d3 Nf6 4. Nf3 Bd6 5. O-O O-O 6. Nc3 c6 7. e4 d4 8. Ne2 c5
9. Nh4 Nc6 10. h3 Ne8 11. Nf5 Bc7 12. f4 exf4 13. Nxf4 Nd6 14. Nh5 Nxf5 15.
exf5 Be5 16. Bf4 f6 17. Bxc6 bxc6 18. Bxe5 fxe5 19. Qe2 Qg5 20. g4 g6 21. fxg6
hxg6 22. Rxf8+ Kxf8 23. Rf1+ Ke7 24. Nf6 Be6 25. Ne4 Qh6 26. Qf3 g5 27. Nxc5
Bd5 28. Qf5 Kd6 29. b4 Qg7 30. a3 a5 31. Ne4+ Bxe4 32. Qxe4 axb4 33. axb4 Ra2
34. c4 dxc3 35. Qc4 Qa7+ 36. Kh1 Ra1 37. Qc5+ Qxc5 38. bxc5+ Kxc5 39. Rxa1 Kd4
40. h4 Kxd3 41. hxg5 1-0

[Event "Elit(Vasteras-Eksjo)"]
[Site "?"]
[Date "2013.02.02"]
[Round "5"]
[White "Al-Saadi, Ali Ghazi"]
[Black "Janse, Rasmus"]
[Result "1/2-1/2"]
[WhiteElo "2036"]
[BlackElo "2284"]
[PlyCount "44"]

1. e4 e6 2. d4 d5 3. Nd2 c5 4. exd5 Qxd5 5. Ngf3 cxd4 6. Bc4 Qd6 7. O-O Nf6 8.
Nb3 Nc6 9. Nbxd4 Nxd4 10. Qxd4 Bd7 11. Bf4 Qxd4 12. Nxd4 Rc8 13. Bb3 Bc5 14.
Rad1 O-O 15. c3 Rfe8 16. Rfe1 h6 17. h3 Bxd4 18. Rxd4 Bc6 19. f3 Bd5 20. Ba4
Bc6 21. Bb3 Bd5 22. Ba4 Bc6 1/2-1/2

[Event "Elit(Vasteras-Eksjo)"]
[Site "?"]
[Date "2013.02.02"]
[Round "5"]
[White "Norberg, Erik"]
[Black "Karlsson, Roger"]
[Result "1-0"]
[WhiteElo "2231"]
[BlackElo "1887"]
[PlyCount "111"]

1. c4 e5 2. g3 d6 3. Bg2 c6 4. Nc3 Be6 5. d3 a5 6. Nf3 Be7 7. Rb1 Na6 8. a3 f5
9. b4 axb4 10. axb4 Nf6 11. O-O O-O 12. Bd2 h6 13. Qc2 Qd7 14. Na4 Qc7 15. b5
cxb5 16. Rxb5 Nc5 17. Nxc5 dxc5 18. Qb2 e4 19. Rxb7 Qd8 20. Ne5 Bd6 21. Ng6 Rf7
22. Nf4 Bd7 23. Rb1 g5 24. Ng6 Qe8 25. Bc3 Bc6 26. Rxf7 Qxf7 27. Ne5 Bxe5 28.
Bxe5 Nd7 29. Bc3 Rb8 30. Qc1 Rxb1 31. Qxb1 Qe7 32. Ba1 Kf7 33. Qb2 Nf6 34. Kf1
Kg6 35. Qe5 Qxe5 36. Bxe5 Nd7 37. Bc3 Nf6 38. Ke1 Kf7 39. e3 Ke6 40. d4 cxd4
41. exd4 Ba4 42. d5+ Ke7 43. Bf1 Bb3 44. h3 Nd7 45. Bd4 Kd6 46. Kd2 Ne5 47. Kc3
Bd1 48. Kb4 Nf3 49. Bg7 Nd2 50. Bf8+ Ke5 51. d6 Ke6 52. c5 Nxf1 53. c6 e3 54.
fxe3 Nxe3 55. d7 Nd5+ 56. Kc5 1-0

[Event "Elit(Limhamn-Orgryte)"]
[Site "?"]
[Date "2013.02.02"]
[Round "5"]
[White "Gajic, Mladen"]
[Black "Jepson, Christian"]
[Result "0-1"]
[WhiteElo "2300"]
[BlackElo "2472"]
[PlyCount "98"]
[EventDate "2013.??.??"]
[SourceDate "2013.02.03"]

1. e4 e5 2. Nf3 Nc6 3. Bc4 Nf6 4. d3 h6 5. O-O d6 6. c3 g6 7. a3 Bg7 8. b4 O-O
9. Qb3 a6 10. a4 Nh5 11. Ra2 Qe8 12. Ne1 Kh8 13. f4 exf4 14. Bxf4 f5 15. Bc1
Ne5 16. exf5 Rxf5 17. Re2 Rxf1+ 18. Kxf1 Bg4 19. Rf2 Bd7 20. Bf7 Bxa4 21. Qa2
Nxf7 22. Qxf7 Qxf7 23. Rxf7 Rf8 24. Rxf8+ Bxf8 25. Ke2 Bg7 26. Bd2 g5 27. Na3
Bd7 28. Kf3 Nf6 29. Nac2 Bc6+ 30. Ke2 Nd5 31. c4 Nc3+ 32. Kf2 d5 33. Bxc3 Bxc3
34. cxd5 Bxd5 35. Ke3 Kg7 36. d4 Bc4 37. Ke4 c6 38. Ke5 Bb3 39. Kd6 a5 40. bxa5
Bxa5 41. Kd7 Kf6 42. Kc8 b5 43. Kd7 Bd5 44. Nd3 Be4 45. Ncb4 Bb6 46. Nc5 Bxc5
47. dxc5 Bxg2 48. Kd6 Be4 49. Kd7 h5 0-1

[Event "Elit(Limhamn-Orgryte)"]
[Site "?"]
[Date "2013.02.02"]
[Round "5"]
[White "Ziegler, Ari"]
[Black "Ahlander, Bjorn"]
[Result "0-1"]
[WhiteElo "2436"]
[BlackElo "2518"]
[PlyCount "49"]
[EventDate "2013.??.??"]

1. e4 d6 2. d4 g6 3. c4 Bg7 4. Nc3 Nc6 5. Be3 e5 6. d5 Nd4 7. Nb5 Nxb5 8. cxb5
f5 9. exf5 gxf5 10. Qh5+ Kf8 11. g3 Nf6 12. Qh4 Bd7 13. O-O-O Qe8 14. Nf3 Ng4
15. Bh3 h6 16. Bxg4 fxg4 17. Nd4 Qg6 18. f4 exd4 19. Bxd4 Re8 20. f5 Bxf5 21.
Rhf1 Rh7 22. Rf2 Kg8 23. Rdf1 Bxd4 24. Rxf5 Rf7 25. Rxf7 0-1

[Event "Elit(Limhamn-Orgryte)"]
[Site "?"]
[Date "2013.02.02"]
[Round "5"]
[White "Johansson, Linus"]
[Black "Kumar, Rahul"]
[Result "1-0"]
[WhiteElo "2385"]
[BlackElo "2285"]
[PlyCount "101"]
[EventDate "2013.??.??"]

1. d4 d5 2. c4 c6 3. Nf3 Nf6 4. cxd5 cxd5 5. Nc3 e6 6. Bf4 Bd6 7. Bxd6 Qxd6 8.
e3 Nc6 9. Bd3 O-O 10. O-O e5 11. dxe5 Nxe5 12. Nxe5 Qxe5 13. Be2 Rd8 14. Qd4
Qxd4 15. exd4 g5 16. Rfe1 Ne4 17. Rac1 Be6 18. Bf3 Nd2 19. Bd1 Nc4 20. Re2 a6
21. Bb3 b5 22. a3 Rac8 23. h3 Rc7 24. Na2 Bf5 25. Rc3 Kg7 26. Nb4 Rd6 27. Re5
Nxe5 28. Rxc7 Nc4 29. Ra7 Bc8 30. Nd3 Kf6 31. g4 h5 32. f3 Be6 33. Kf2 Rb6 34.
Bxc4 dxc4 35. Nb4 Rd6 36. Ke3 Bc8 37. d5 hxg4 38. hxg4 Kg6 39. Kd4 f5 40. Ke5
Rd8 41. gxf5+ Kh6 42. Nc6 Re8+ 43. Ne7 a5 44. d6 b4 45. Rxa5 bxa3 46. Rxa3 Bd7
47. Ra1 Bxf5 48. Kxf5 Rf8+ 49. Ke6 Rxf3 50. d7 Re3+ 51. Kf6 1-0

[Event "Elit(Limhamn-Orgryte)"]
[Site "?"]
[Date "2013.02.02"]
[Round "5"]
[White "Eksmyr, Johan"]
[Black "Schneider, Stefan"]
[Result "0-1"]
[WhiteElo "2216"]
[BlackElo "2410"]
[PlyCount "66"]
[EventDate "2013.??.??"]

1. d4 e6 2. c4 Bb4+ 3. Nd2 Nf6 4. Ngf3 O-O 5. a3 Be7 6. e4 d5 7. e5 Nfd7 8. Qc2
c5 9. Bd3 h6 10. dxc5 Nc6 11. cxd5 exd5 12. b4 Ndxe5 13. Nxe5 Nxe5 14. Bh7+ Kh8
15. Bf5 Bf6 16. Rb1 Nc6 17. Nf3 Qe7+ 18. Kf1 Re8 19. g3 a5 20. Kg2 axb4 21. Re1
Qf8 22. axb4 Rxe1 23. Bxc8 Rxc1 24. Rxc1 Rxc8 25. Qb3 Qd8 26. Rd1 Ne7 27. Qa4
Ra8 28. Qb5 Qc7 29. h4 Qc6 30. Qe2 d4 31. Kg1 Qd5 32. Rd2 Ra1+ 33. Kh2 Nc6 0-1

[Event "Elit(Limhamn-Orgryte)"]
[Site "?"]
[Date "2013.02.02"]
[Round "5"]
[White "Lindgren, Philip"]
[Black "Arnelind, Mikael"]
[Result "1-0"]
[WhiteElo "2352"]
[BlackElo "2231"]
[PlyCount "119"]
[EventDate "2013.??.??"]

1. d4 Nf6 2. c4 e6 3. g3 d5 4. Nf3 Bb4+ 5. Bd2 Be7 6. Bg2 c6 7. Qc2 Nbd7 8. O-O
O-O 9. Rd1 Ne4 10. Be1 f5 11. b4 Ndf6 12. e3 Bd7 13. Ne5 Be8 14. f3 Nd6 15. c5
Nf7 16. Bc3 Qc7 17. Nd3 g5 18. Nd2 g4 19. f4 h5 20. Ne5 Kh7 21. a4 h4 22. gxh4
Nxe5 23. dxe5 Nh5 24. Nb3 Bxh4 25. Nd4 Qe7 26. Be1 Bxe1 27. Rxe1 Bd7 28. b5
Rac8 29. Rec1 Kg7 30. Rab1 Rc7 31. b6 axb6 32. cxb6 Rcc8 33. Qc5 Kf7 34. a5 Rb8
35. Bf1 Qh4 36. Rb2 Rg8 37. Qd6 Rbd8 38. Bg2 Bc8 39. Qc5 Bd7 40. a6 bxa6 41. b7
g3 42. h3 Nxf4 43. exf4 Qxf4 44. Re1 Rb8 45. Kh1 Rge8 46. Nxc6 Bxc6 47. Qxc6
Qd4 48. Rbb1 Re7 49. Qxa6 Qd2 50. Re2 Qd4 51. Bf3 Kg6 52. Kg2 f4 53. Qd6 Ree8
54. Rb4 Qd3 55. Rxf4 Rxb7 56. Rf6+ Kg7 57. Rxe6 Rf7 58. Rf6 Ref8 59. Rxf7+ Rxf7
60. Qxd5 1-0

[Event "Elit(Limhamn-Orgryte)"]
[Site "?"]
[Date "2013.02.02"]
[Round "5"]
[White "Mansson, Lars"]
[Black "Fransson, Percy"]
[Result "0-1"]
[WhiteElo "2254"]
[BlackElo "2210"]
[PlyCount "108"]
[EventDate "2013.??.??"]

1. e4 e6 2. d4 d5 3. Nc3 Bb4 4. e5 c5 5. Bd2 cxd4 6. Nb5 Bc5 7. Qg4 g6 8. Nf3
Nc6 9. Qf4 h5 10. Bd3 a6 11. Nd6+ Bxd6 12. exd6 Qf6 13. O-O Qxf4 14. Bxf4 f6
15. Bxg6+ Kd7 16. Rad1 e5 17. Bg3 Kxd6 18. Nh4 Nge7 19. f4 e4 20. f5+ Kc5 21.
Bf7 Rh7 22. Bg6 Rh8 23. Bf7 Nd8 24. b4+ Kc4 25. Bd6 Nec6 26. Be6 Nxe6 27. fxe6
Bxe6 28. Rxf6 Bg4 29. Rb1 Rhe8 30. Rf7 Rad8 31. Bc5 Rd7 32. Rf6 Re6 33. Rf8 Ne5
34. Rc8 Rc6 35. Re8 Re6 36. Rc8 Rc6 37. Re8 Be6 38. Bf8 Kc3 39. Bh6 e3 40. Rb3+
Kxc2 41. Bxe3 d3 42. Rf8 Bf7 43. Nf5 Rc4 44. Nd4+ Rxd4 45. Bxd4 Nc4 46. Rc3+
Kd2 47. Kf2 Nd6 48. Kf3 Nb5 49. Rcc8 Nxd4+ 50. Kf2 Nc6 51. h3 Kc3 52. b5 axb5
53. Ra8 d2 54. Ra3+ Kc2 0-1

[Event "Elit(LASK-Manhem)"]
[Site "?"]
[Date "2013.02.02"]
[Round "5"]
[White "Akesson, Joel"]
[Black "Tikkanen, Hans"]
[Result "1/2-1/2"]
[WhiteElo "2348"]
[BlackElo "2642"]
[PlyCount "89"]
[EventDate "2013.??.??"]

1. d4 d5 2. Nf3 Nf6 3. c4 c6 4. e3 Bg4 5. Qb3 Qb6 6. Ne5 Bf5 7. cxd5 Qxb3 8.
axb3 Nxd5 9. Nd2 f6 10. Nd3 Nc7 11. e4 Bg6 12. Nf4 Bf7 13. Nc4 Nba6 14. Be3
O-O-O 15. Be2 g5 16. Nh5 Nb5 17. O-O-O Nac7 18. h4 h6 19. Ng3 Rg8 20. hxg5 hxg5
21. Nf5 Bg6 22. Bg4 Kb8 23. Ng3 Bf7 24. Rh7 Bg6 25. Rhh1 Bg7 26. Bh5 Bxh5 27.
Rxh5 Rh8 28. Rdh1 Rxh5 29. Rxh5 Rh8 30. Rxh8+ Bxh8 31. Nf5 e6 32. Ne7 Bg7 33.
g4 Ne8 34. d5 exd5 35. exd5 Bf8 36. Ng6 Bb4 37. dxc6 b6 38. f4 Kc7 39. fxg5
Kxc6 40. gxf6 Nxf6 41. Nge5+ Kd5 42. g5 Nh5 43. g6 Bf8 44. Nf7 Ke6 45. Nd8+
1/2-1/2

[Event "Elit(LASK-Manhem)"]
[Site "?"]
[Date "2013.02.02"]
[Round "5"]
[White "Grandelius, Nils"]
[Black "Moberg, Karl Johan"]
[Result "1-0"]
[WhiteElo "2620"]
[BlackElo "2348"]
[PlyCount "80"]
[EventDate "2013.??.??"]

1. e4 e5 2. Nf3 Nc6 3. Bb5 a6 4. Ba4 b5 5. Bb3 Na5 6. O-O Nxb3 7. axb3 d6 8. d4
exd4 9. Qxd4 Nf6 10. Nc3 Bb7 11. Re1 Be7 12. e5 dxe5 13. Qxe5 Kf8 14. Bf4 b4
15. Na4 Nd5 16. Rad1 Bd6 17. Qe4 Nxf4 18. Qxb7 g6 19. Nb6 cxb6 20. Ne5 Bxe5 21.
Rxd8+ Rxd8 22. g3 Kg7 23. gxf4 Bd4 24. Re7 Rhf8 25. Qxa6 Bc5 26. Re2 Rd4 27. f5
Rg4+ 28. Kh1 Rd8 29. Re1 Rf4 30. Qe2 Rxf5 31. Rf1 Rd4 32. c3 Rh4 33. f4 Rh3 34.
Rf3 Rh4 35. Qd2 Rg4 36. h3 Rg1+ 37. Kh2 Rb1 38. cxb4 Be7 39. Qc2 Ra1 40. Qc7
Bxb4 1-0

[Event "Elit(LASK-Manhem)"]
[Site "?"]
[Date "2013.02.02"]
[Round "5"]
[White "Nithander, Victor"]
[Black "Smith, Axel"]
[Result "0-1"]
[WhiteElo "2532"]
[BlackElo "2515"]
[PlyCount "66"]
[EventDate "2013.??.??"]

1. c4 e5 2. g3 c6 3. d3 d5 4. Nd2 Nf6 5. Bg2 Bc5 6. Nb3 Bb6 7. c5 Bc7 8. Qc2
O-O 9. e4 Be6 10. Ne2 Nbd7 11. Bg5 Ba5+ 12. Bd2 Bxd2+ 13. Nxd2 Qa5 14. Rc1 Qxa2
15. O-O Qa5 16. h3 dxe4 17. Nxe4 Nxe4 18. dxe4 Rad8 19. f4 Qb5 20. Rf2 exf4 21.
gxf4 Nf6 22. e5 Nd5 23. Be4 g6 24. Rf3 Nb4 25. Nc3 Qxc5+ 26. Qf2 Qxf2+ 27. Rxf2
Nd3 28. Bxd3 Rxd3 29. Ne4 Rxh3 30. Rd1 Kg7 31. Nf6 a5 32. Ra1 Ra8 33. Kg2 Rd3
0-1

[Event "Elit(LASK-Manhem)"]
[Site "?"]
[Date "2013.02.02"]
[Round "5"]
[White "Semcesen, Daniel"]
[Black "Winsnes, Rikard"]
[Result "1-0"]
[WhiteElo "2539"]
[BlackElo "2498"]
[PlyCount "55"]
[EventDate "2013.??.??"]

1. d4 Nf6 2. c4 g6 3. Nc3 d5 4. Nf3 Bg7 5. Qb3 dxc4 6. Qxc4 O-O 7. e4 a6 8. Qa4
Bg4 9. Be3 Nc6 10. d5 b5 11. Qc2 Bxf3 12. dxc6 Bg4 13. f3 Be6 14. a4 b4 15. Rd1
Qc8 16. Ne2 Ne8 17. Bc5 b3 18. Qc1 Nd6 19. Nd4 Kh8 20. Be2 f5 21. e5 Bxe5 22.
Qe3 Nf7 23. Nxe6 Qxe6 24. f4 Qxc6 25. fxe5 f4 26. Bf3 Qe6 27. Qe2 c6 28. Bg4
1-0